The Revised Leave Rules,1980 with Notifications (Record no. 348013)

000 -LEADER
fixed length control field 00322 a2200133 4500
020 ## - INTERNATIONAL STANDARD BOOK NUMBER
International Standard Book Number 808380838083
028 ## - PUBLISHER NUMBER
Publisher number The Ideal Publishers
090 ## - LOCALLY ASSIGNED LC-TYPE CALL NUMBER (OCLC); LOCAL CALL NUMBER (RLIN)
-- 5609
-- 5609
100 ## - MAIN ENTRY--PERSONAL NAME
Personal name Hamid Ali
245 ## - TITLE STATEMENT
Title The Revised Leave Rules,1980 with Notifications
260 ## - PUBLICATION, DISTRIBUTION, ETC.
Place of publication, distribution, etc. Karachi
300 ## - PHYSICAL DESCRIPTION
Extent 33
942 ## - ADDED ENTRY ELEMENTS (KOHA)
Institution code [OBSOLETE] NBS
Koha item type Book
Call number prefix 348.95491 ALI
Holdings
Withdrawn status Lost status Damaged status Not for loan Permanent Location Current Location Date acquired Full call number Barcode Date last seen Price effective from Koha item type
        NUST Law School (NLS) NUST Law School (NLS) 08/28/2013 348.95491 ALI NBS8083 08/28/2013 08/28/2013 Book
© 2023 Central Library, National University of Sciences and Technology. All Rights Reserved.